00396pab a2200133 454500008004000000100002200040245008500062260000900147300001400156362001700170650001700187700002400204773003400228180718b1997 xxu||||| |||| 00| 0 eng d aPandey, Vikash N. aPeasants, subsistence and the dairy cooperative in dry land: a fragile existence c1997 ap.A98-105 a27 Sep-3 Oct aCooperatives aPathak, Akhileshwar aEconomic and Political Weekly